Guess the Invincible character #1 - Statistics

General Stats
  • This quiz has been taken 94 times
  • The average score is 8 of 16
Answer Stats
Picture Answer % Correct
Titan
92%
Atom Eve
66%
Oliver
63%
Amber
61%
Battle Beast
61%
Red Rush
61%
Robot
59%
Debbie Grayson
58%
Lucan
58%
Kregg
56%
Green Ghost
51%
Cecil Stedman
48%
Sinclair
46%
Killcannon
32%
Mister Liu
23%
Argall
3%
No matching quizzes found
Score Distribution
Percent of People with Each Score
Percentile by Number Answered
Your Score History
You have not taken this quiz